ბათუმის შოთა რუსთაველის სახელმწიფო უნივერსიტეტის ბიბლიოთეკა

Расчеты по технологии неорганических веществ. (ბიბ.ჩანაწერი № 47212)

000 -LEADER
fixed length control field 00699nam a2200217Ia 4500
001 - CONTROL NUMBER
control field 14072
003 - CONTROL NUMBER IDENTIFIER
control field GE_BSU
008 - FIXED-LENGTH DATA ELEMENTS--GENERAL INFORMATION
fixed length control field 181216s||||||||xx |||||||||||||| ||und||
040 ## - CATALOGING SOURCE
Transcribing agency GE_BSU
080 ## - UNIVERSAL DECIMAL CLASSIFICATION NUMBER
Universal Decimal Classification number 661.2(075)
100 ## - MAIN ENTRY--PERSONAL NAME
Personal name Дыбина,П.В. Соловьева,А.С. Вишняк,Ю.И.
245 ## - TITLE STATEMENT
Title Расчеты по технологии неорганических веществ.
245 ## - TITLE STATEMENT
Statement of responsibility, etc. Ред. Н.Д.Стуковнин.
260 ## - PUBLICATION, DISTRIBUTION, ETC.
Place of publication, distribution, etc. М.
260 ## - PUBLICATION, DISTRIBUTION, ETC.
Name of publisher, distributor, etc. Высшая школа.
260 ## - PUBLICATION, DISTRIBUTION, ETC.
Date of publication, distribution, etc. 1967.
300 ## - PHYSICAL DESCRIPTION
Extent 522 стр. 20 см.
300 ## - PHYSICAL DESCRIPTION
Accompanying material 20 табл.
653 ## - INDEX TERM--UNCONTROLLED
Uncontrolled term Расчеты по технологии неорганических веществ.
942 ## - ADDED ENTRY ELEMENTS (KOHA)
Koha item type წიგნი
ეგზემპლარები
Withdrawn status Lost status Damaged status Not for loan Date acquired Barcode Date last seen Price effective from Koha item type
        2018-12-17 9605 2018-12-17 2018-12-17 წიგნი
        2018-12-17 9606 2018-12-17 2018-12-17 წიგნი